[Event "Titled Tuesday intern op 13th Aug Late"]
[Site "Chess.com INT"]
[Date "2024.08.13"]
[Round "5"]
[White "Mesa Cruz, Juan Carlos"]
[Black "Bashilin, Roman"]
[Result "1-0"]
[WhiteElo "2158"]
[BlackElo "2289"]
[PlyCount "63"]
[EventDate "2024.08.13"]
[EventType "swiss (blitz)"]
[EventRounds "11"]
[EventCountry "USA"]
[SourceTitle "EXT 2025"]
[Source "ChessBase"]
[SourceDate "2024.10.14"]
[SourceVersion "1"]
[SourceVersionDate "2024.10.14"]
[SourceQuality "1"]

1. d4 Nf6 2. c4 g6 3. Nc3 d5 4. cxd5 Nxd5 5. Qb3 Nxc3 6. bxc3 Bg7 7. Nf3 0-0 8. e4 c5 9. Be2 b6 10. 0-0 Bg4 11. h3 Bd7 12. d5 e6 13. Bg5 Qc8 14. Rad1 exd5 15. exd5 Re8 16. Rfe1 Na6 17. Bc4 Nc7 18. a4 h6 19. Rxe8+ Nxe8 20. Be7 Nc7 21. Re1 Rb8 22. Ne5 Be8 23. d6 Ne6 24. Nxg6 Bd7 25. Ne5 Bxe5 26. Rxe5 Kh8 27. Qc2 Qg8 28. Bf6+ Ng7 29. Rh5 Qe8 30. Rxh6+ Kg8 31. Qh7+ Kf8 32. Qh8# 1-0

[Event "Titled Tuesday intern op 13th Aug Late"]
[Site "Chess.com INT"]
[Date "2024.08.13"]
[Round "4"]
[White "Suder, Jakub"]
[Black "Mesa Cruz, Juan Carlos"]
[Result "1-0"]
[WhiteElo "2326"]
[BlackElo "2158"]
[PlyCount "141"]
[EventDate "2024.08.13"]
[EventType "swiss (blitz)"]
[EventRounds "11"]
[EventCountry "USA"]
[SourceTitle "EXT 2025"]
[Source "ChessBase"]
[SourceDate "2024.10.14"]
[SourceVersion "1"]
[SourceVersionDate "2024.10.14"]
[SourceQuality "1"]

1. d4 Nf6 2. Nf3 d5 3. c4 e6 4. g3 Be7 5. Bg2 0-0 6. 0-0 dxc4 7. Qc2 a6 8. a4 Bd7 9. Qxc4 Bc6 10. Rd1 Bd5 11. Qc2 Be4 12. Qc3 Nc6 13. Qe3 Bc2 14. Rf1 Nb4 15. Na3 Bf5 16. Ne5 c6 17. Bd2 Qb6 18. Nec4 Qa7 19. Qb3 a5 20. e3 Rab8 21. Nxa5 Qxa5 22. Nc4 Qa6 23. Bxb4 Bxb4 24. Qxb4 b5 25. axb5 Qxb5 26. Qc3 c5 27. dxc5 Qxc5 28. Ra5 Qb4 29. Rc1 Nd5 30. Bxd5 exd5 31. Qxb4 Rxb4 32. Rxd5 Be6 33. Rc5 g6 34. Nd2 Rxb2 35. Nf3 Rd8 36. Nd4 Bh3 37. R5c2 Rb6 38. f3 Rbd6 39. Kf2 Re8 40. Rd2 Ra6 41. Rcd1 Ra3 42. Rd3 Ra2+ 43. R1d2 Ra7 44. Ne2 Rae7 45. g4 Kg7 46. Nf4 Bxg4 47. fxg4 f5 48. g5 Re4 49. Rd7+ R8e7 50. Rxe7+ Rxe7 51. Kf3 Kf7 52. h4 Kg7 53. Rd6 h6 54. Nd5 Rf7 55. Nf6 hxg5 56. hxg5 Re7 57. Rd7 Kf7 58. Rxe7+ Kxe7 59. Kf4 Ke6 60. e4 fxe4 61. Kxe4 Kf7 62. Ke5 Kg7 63. Ng4 Kf7 64. Kd6 Kg7 65. Ke6 Kh7 66. Kf6 Kg8 67. Kxg6 Kh8 68. Kf7 Kh7 69. g6+ Kh8 70. g7+ Kh7 71. g8Q# 1-0

[Event "Titled Tuesday intern op 06th Aug Late"]
[Site "Chess.com INT"]
[Date "2024.08.06"]
[Round "11"]
[White "Kandil, Ahmed"]
[Black "Mesa Cruz, Juan Carlos"]
[Result "1-0"]
[WhiteElo "2154"]
[BlackElo "2158"]
[PlyCount "169"]
[EventDate "2024.08.06"]
[EventType "swiss (blitz)"]
[EventRounds "11"]
[EventCountry "USA"]
[SourceTitle "EXT 2025"]
[Source "ChessBase"]
[SourceDate "2024.10.14"]
[SourceVersion "1"]
[SourceVersionDate "2024.10.14"]
[SourceQuality "1"]

1. e4 c6 2. d4 d5 3. exd5 cxd5 4. Bd3 Nc6 5. Nf3 Nf6 6. h3 e6 7. c3 a6 8. 0-0 Be7 9. Bf4 b5 10. Re1 Bb7 11. Nbd2 0-0 12. b4 Bd6 13. Bxd6 Qxd6 14. Nb3 Ne7 15. Nc5 Bc6 16. Ne5 a5 17. Nxc6 Qxc6 18. a4 bxa4 19. b5 Qc7 20. Rxa4 Nd7 21. Nxd7 Qxd7 22. Qa1 Qc7 23. Rb1 Qb6 24. Rb3 Ra7 25. Qa3 Nc8 26. Qc5 Rd8 27. Rba3 Rc7 28. Qxb6 Nxb6 29. Rxa5 Rb8 30. Ra7 Rcc8 31. Rb3 g6 32. Ra6 Rc7 33. Kf1 Kf8 34. Ke2 Ke7 35. Kd2 Kd6 36. Rba3 f6 37. Ra7 e5 38. Rxc7 Kxc7 39. Ra7+ Rb7 40. Rxb7+ Kxb7 41. dxe5 fxe5 42. f3 Kc7 43. Ke3 Kd6 44. h4 Kc5 45. g4 Kd6 46. g5 Kc5 47. h5 Na4 48. h6 Nxc3 49. Bxg6 Nxb5 50. Bxh7 Nd6 51. Bg6 d4+ 52. Ke2 e4 53. fxe4 Nc4 54. h7 Ne5 55. Bh5 d3+ 56. Kd1 Kd4 57. h8Q Ke3 58. Qxe5 d2 59. g6 Kf2 60. Qf4+ Kg1 61. g7 Kh1 62. Bf3+ Kg1 63. g8Q+ Kf1 64. e5 Kf2 65. e6 Kf1 66. e7 Kf2 67. e8Q Kf1 68. Qff8 Kf2 69. Kxd2 Kf1 70. Kd3 Kf2 71. Kd4 Kf1 72. Kd5 Kf2 73. Kd6 Kf1 74. Kd7 Kf2 75. Kd8 Kf1 76. Ke7 Kf2 77. Kf6 Kf1 78. Bg4 Kf2 79. Bf5 Kf1 80. Qfe7 Kf2 81. Ke6 Kf1 82. Kd7 Kf2 83. Kd8 Kf1 84. Bc8 Kf2 85. Q7f8# 1-0

[Event "Titled Tuesday intern op 06th Aug Late"]
[Site "Chess.com INT"]
[Date "2024.08.06"]
[Round "5"]
[White "Mesa Cruz, Juan Carlos"]
[Black "Zienkiewicz, Jan"]
[Result "0-1"]
[WhiteElo "2158"]
[BlackElo "2302"]
[PlyCount "34"]
[EventDate "2024.08.06"]
[EventType "swiss (blitz)"]
[EventRounds "11"]
[EventCountry "USA"]
[SourceTitle "EXT 2025"]
[Source "ChessBase"]
[SourceDate "2024.10.14"]
[SourceVersion "1"]
[SourceVersionDate "2024.10.14"]
[SourceQuality "1"]

1. d4 Nf6 2. c4 e6 3. Nf3 b6 4. Nbd2 Bb7 5. g3 Be7 6. Bg2 0-0 7. Bf1 d5 8. cxd5 Nxd5 9. Bg2 Nd7 10. 0-0 Rc8 11. e4 N5f6 12. Qe2 c5 13. b3 cxd4 14. Nxd4 Nc5 15. Bb2 Ba6 16. Nb5 Bxb5 17. Qxb5 Qxd2 0-1

[Event "Titled Tuesday intern op 06th Aug Late"]
[Site "Chess.com INT"]
[Date "2024.08.06"]
[Round "10"]
[White "Parfenov, Viktor N"]
[Black "Mesa Cruz, Juan Carlos"]
[Result "1-0"]
[WhiteElo "2193"]
[BlackElo "2158"]
[PlyCount "93"]
[EventDate "2024.08.06"]
[EventType "swiss (blitz)"]
[EventRounds "11"]
[EventCountry "USA"]
[SourceTitle "EXT 2025"]
[Source "ChessBase"]
[SourceDate "2024.10.14"]
[SourceVersion "1"]
[SourceVersionDate "2024.10.14"]
[SourceQuality "1"]

1. e4 c6 2. d4 d5 3. e5 Bf5 4. h4 h5 5. Bd3 Bxd3 6. Qxd3 e6 7. Bg5 Qa5+ 8. Nd2 c5 9. Ngf3 cxd4 10. 0-0 Nc6 11. Nb3 Qc7 12. Rfe1 Be7 13. Nbxd4 Nxd4 14. Qxd4 Bxg5 15. Nxg5 Nh6 16. Rac1 Qc4 17. Qxc4 dxc4 18. Rcd1 Ke7 19. Ne4 Nf5 20. g3 Rhd8 21. c3 b6 22. Kf1 Rd5 23. Rxd5 exd5 24. Nd2 Rd8 25. Kg2 b5 26. Nf3 d4 27. cxd4 Nxd4 28. Nxd4 Rxd4 29. Re2 Ke6 30. f4 Rd3 31. Kf2 Kf5 32. e6 fxe6 33. Re5+ Kg4 34. Rg5+ Kh3 35. Rxb5 Rxg3 36. Rb7 g6 37. Rxa7 Rg2+ 38. Kf3 Rxb2 39. Rc7 Rxa2 40. Rxc4 Ra3+ 41. Ke4 Kxh4 42. Rc6 Ra1 43. Kf3 Ra3+ 44. Ke4 Kg4 45. Rxe6 Ra4+ 46. Ke3 Ra3+ 47. Ke4 1-0

[Event "Titled Tuesday intern op 09th Jul Late"]
[Site "Chess.com INT"]
[Date "2024.07.09"]
[Round "9"]
[White "Mesa Cruz, Juan Carlos"]
[Black "Jegorovas, Aleksandras"]
[Result "0-1"]
[WhiteElo "2129"]
[BlackElo "2270"]
[PlyCount "78"]
[EventDate "2024.07.09"]
[EventType "swiss (blitz)"]
[EventRounds "11"]
[EventCountry "USA"]
[SourceTitle "EXT 2025"]
[Source "ChessBase"]
[SourceDate "2024.10.14"]
[SourceVersion "1"]
[SourceVersionDate "2024.10.14"]
[SourceQuality "1"]

1. e4 e6 2. Qe2 Be7 3. Nf3 d5 4. d3 c5 5. g3 Nc6 6. Bg2 Nf6 7. 0-0 h6 8. Re1 0-0 9. Nbd2 a5 10. a4 b6 11. Nf1 Nd4 12. Nxd4 cxd4 13. e5 Nh7 14. f4 f5 15. exf6 Nxf6 16. Bh3 Bb4 17. Bd2 Re8 18. Bxb4 axb4 19. Nd2 Kh8 20. Nf3 e5 21. Bxc8 Qxc8 22. Nxe5 Kg8 23. Qf2 Qc5 24. b3 Qc3 25. Rad1 b5 26. axb5 Ra2 27. Re2 Qc5 28. h3 Rc8 29. Rdd2 Kh7 30. Kg2 Qxb5 31. Qxd4 Qa5 32. g4 Ra1 33. Qf2 Qa2 34. g5 Qb1 35. gxf6 Qh1+ 36. Kg3 Rg1+ 37. Kh4 g5+ 38. fxg5 hxg5+ 39. Kh5 Qxh3+ 0-1

[Event "Titled Tuesday intern op 09th Jul Late"]
[Site "Chess.com INT"]
[Date "2024.07.09"]
[Round "6"]
[White "Silva, Juliana Figueira Th"]
[Black "Mesa Cruz, Juan Carlos"]
[Result "0-1"]
[WhiteElo "1837"]
[BlackElo "2129"]
[PlyCount "46"]
[EventDate "2024.07.09"]
[EventType "swiss (blitz)"]
[EventRounds "11"]
[EventCountry "USA"]
[SourceTitle "EXT 2025"]
[Source "ChessBase"]
[SourceDate "2024.10.14"]
[SourceVersion "1"]
[SourceVersionDate "2024.10.14"]
[SourceQuality "1"]

1. d4 Nf6 2. c4 e6 3. g3 d5 4. Bg2 Be7 5. Nf3 0-0 6. 0-0 dxc4 7. Nbd2 b5 8. a4 c6 9. axb5 cxb5 10. Ne5 Nd5 11. e4 Nb4 12. Ndf3 Bb7 13. Bd2 N8c6 14. Bc3 Nxe5 15. Nxe5 Nc6 16. b3 b4 17. Nxc6 Bxc6 18. d5 bxc3 19. dxc6 Qxd1 20. Rfxd1 cxb3 21. e5 c2 22. Rd2 b2 23. Rf1 c1Q 0-1

[Event "Titled Tuesday intern op 25th Jun Late"]
[Site "Chess.com INT"]
[Date "2024.06.25"]
[Round "10"]
[White "Mesa Cruz, Juan Carlos"]
[Black "Garcia, Angie"]
[Result "1-0"]
[WhiteElo "2110"]
[BlackElo "2015"]
[PlyCount "75"]
[EventDate "2024.06.25"]
[EventType "swiss (blitz)"]
[EventRounds "11"]
[EventCountry "USA"]
[SourceTitle "EXT 2025"]
[Source "ChessBase"]
[SourceDate "2024.10.14"]
[SourceVersion "1"]
[SourceVersionDate "2024.10.14"]
[SourceQuality "1"]

1. e4 e6 2. Qe2 d5 3. exd5 Qxd5 4. Nc3 Qd8 5. Nf3 Nf6 6. g3 Be7 7. Bg2 c6 8. 0-0 0-0 9. d4 Nd5 10. Ne4 Nd7 11. c4 N5f6 12. Nc3 Nb6 13. b3 h6 14. Bb2 Bd7 15. Rad1 Qc7 16. Ne5 Rad8 17. a3 c5 18. dxc5 Bxc5 19. b4 Be7 20. c5 Na4 21. Nxd7 Nxc3 22. Bxc3 Rxd7 23. Rxd7 Qxd7 24. Rd1 Qa4 25. Bxb7 Qxa3 26. Qb2 Qxb2 27. Bxb2 Rd8 28. Ra1 Rd2 29. Bc3 Rc2 30. Be1 Nh7 31. Rxa7 Rc1 32. Kf1 Ng5 33. Ke2 Bf6 34. h4 Nh3 35. Be4 Ng1+ 36. Kd2 Rb1 37. Ra8+ Bd8 38. Rxd8# 1-0

[Event "Titled Tuesday intern op 25th Jun Early"]
[Site "Chess.com INT"]
[Date "2024.06.25"]
[Round "4"]
[White "Mesa Cruz, Juan Carlos"]
[Black "Novik, Maxim"]
[Result "1-0"]
[WhiteElo "2110"]
[BlackElo "2409"]
[PlyCount "71"]
[EventDate "2024.06.25"]
[EventType "swiss (blitz)"]
[EventRounds "11"]
[EventCountry "USA"]
[SourceTitle "EXT 2025"]
[Source "ChessBase"]
[SourceDate "2024.10.14"]
[SourceVersion "1"]
[SourceVersionDate "2024.10.14"]
[SourceQuality "1"]

1. e3 Nf6 2. d4 g6 3. c4 Bg7 4. Nc3 0-0 5. Nf3 d6 6. g3 Nbd7 7. Bg2 e5 8. 0-0 Re8 9. b3 c6 10. Bb2 a6 11. Qd2 e4 12. Ne1 d5 13. cxd5 cxd5 14. f3 Nb6 15. fxe4 Nxe4 16. Nxe4 dxe4 17. Nc2 Nd5 18. Rf2 Bf8 19. Raf1 f5 20. Qe2 Be6 21. Bh3 h5 22. Ne1 Rc8 23. Ng2 Bf7 24. Nf4 Nxf4 25. gxf4 Kh7 26. Rg2 Bd5 27. Bxf5 Rc6 28. Qxh5+ Kg8 29. Rxg6+ Rxg6+ 30. Qxg6+ Bg7 31. Qh7+ Kf8 32. Ba3+ Kf7 33. Qh5+ Kg8 34. Bh7+ Kh8 35. Bg6+ Kg8 36. Qh7# 1-0